书目信息 |
| 题名: |
女性疾病诊疗手册
|
|
| 作者: | 李晓琳 , 左彦文 主编 | |
| 分册: | ||
| 出版信息: | 广州 广东旅游出版社 2003 |
|
| 页数: | 389页 | |
| 开本: | 20cm | |
| 丛书名: | ||
| 单 册: | ||
| 中图分类: | R711-62 | |
| 科图分类: | ||
| 主题词: | 妇科病 , 妇科学 | |
| 电子资源: | ||
| ISBN: | 7-80653-477-6 | |
| 000 | 00636nam0 2200217 450 | |
| 001 | 0642452718 | |
| 005 | 20061120154757.90 | |
| 010 | @a7-80653-477-6@dCNY 18.00 | |
| 100 | @a20061031d2003 km y0chiy0120 ea | |
| 101 | 0 | @achi |
| 102 | @aCN@b440000 | |
| 200 | 1 | @a女性疾病诊疗手册@Anu xing ji bing zhen liao shou ce@f李晓琳,左彦文主编@Fli xiao lin,zuo yan wen zhu bian |
| 210 | @a广州@c广东旅游出版社@d2003 | |
| 215 | @a389页@d20cm | |
| 606 | 0 | @a妇科病 |
| 606 | 0 | @a妇科学 |
| 690 | @aR711-62@v4 | |
| 701 | 0 | @a李晓琳@Ali xiao lin@4主编 |
| 701 | 0 | @a左彦文@Azuo yan wen@4主编 |
| 801 | @aCN@c20061120 | |
| 905 | @apdsgxy@dR711-62@eL290 | |
| 女性疾病诊疗手册/李晓琳,左彦文主编.-广州:广东旅游出版社,2003 |
| 389页;20cm |
| ISBN 7-80653-477-6:CNY 18.00 |
| ● |
| 相关链接 |
|
|
|
正题名:女性疾病诊疗手册
索取号:R711-62/L290
 
预约/预借
| 序号 | 登录号 | 条形码 | 馆藏地/架位号 | 状态 | 备注 |
| 1 | 611128 | 206111287 | 自科库401/401自科库 20排1列3层/ [索取号:R711-62/L290] | 在馆 | |
| 2 | 611129 | 206111296 | 自科库401/401自科库 20排1列3层/ [索取号:R711-62/L290] | 在馆 | |
| 3 | 611130 | 206111303 | 自科库401/401自科库 20排1列3层/ [索取号:R711-62/L290] | 在馆 |